| 000 -CABECERA |
| campo de control de longitud fija |
00655nam a2200241 u 4500 |
| 001 - NÚMERO DE CONTROL |
| campo de control |
000058005 |
| 005 - FECHA Y HORA DE LA ÚLTIMA TRANSACCIÓN |
| campo de control |
20200120223846.0 |
| 008 - DATOS DE LONGITUD FIJA--INFORMACIÓN GENERAL |
| campo de control de longitud fija |
130625s2006 sp jr 000 0 spa d |
| 020 ## - NÚMERO INTERNACIONAL ESTÁNDAR DEL LIBRO |
| Número Internacional Estándar del Libro |
9788424159474 |
| 041 0# - CÓDIGO DE LENGUA |
| Código de lengua del texto/banda sonora o título independiente |
spa |
| 043 ## - CÓDIGO DE ÁREA GEOGRÁFICA |
| Código de área geográfica |
e-sp--- |
| 090 ## - LOCALMENTE ASIGNADO TIPO-LC NÚMERO DE CLASIFICACIÓN (OCLC); NÚMERO DE CLASIFICACIÓN LOCAL (RLIN) |
| Número de clasificación (OCLC) (R) ; Numero de clasificación, CALL (RLIN) (NR) |
AN |
| Número cutter local (OCLC) ; Número de libro/Signatura topográfica íntegra, CALL (RLIN) |
THUR |
| 100 1# - ENTRADA PRINCIPAL--NOMBRE DE PERSONA |
| Nombre de persona |
Thüminger, Rosmarie |
| 245 10 - MENCIÓN DE TÍTULO |
| Título |
La decisión / |
| Mención de responsabilidad, etc. |
Rosmarie Thüminger. |
| 250 ## - MENCIÓN DE EDICIÓN |
| Mención de edición |
3a. ed. |
| 260 ## - PUBLICACIÓN, DISTRIBUCIÓN, ETC. |
| Lugar de publicación, distribución, etc. |
León (España) : |
| Nombre del editor, distribuidor, etc. |
Everest, |
| Fecha de publicación, distribución, etc. |
[2006]. |
| 300 ## - DESCRIPCIÓN FÍSICA |
| Extensión |
127 p. : |
| Otras características físicas |
il. |
| 490 0# - MENCIÓN DE SERIE |
| Mención de serie |
Punto de encuentro |
| 650 14 - PUNTO DE ACCESO ADICIONAL DE MATERIA--TÉRMINO DE MATERIA |
| Término de materia o nombre geográfico como elemento de entrada |
Novela adulto austriaca |
| 650 24 - PUNTO DE ACCESO ADICIONAL DE MATERIA--TÉRMINO DE MATERIA |
| Término de materia o nombre geográfico como elemento de entrada |
Literatura austriaca |
| 650 24 - PUNTO DE ACCESO ADICIONAL DE MATERIA--TÉRMINO DE MATERIA |
| Término de materia o nombre geográfico como elemento de entrada |
Vida cotidiana en la literatura |
| 650 24 - PUNTO DE ACCESO ADICIONAL DE MATERIA--TÉRMINO DE MATERIA |
| Término de materia o nombre geográfico como elemento de entrada |
Familia en la literatura. |